Ambiente y educación superior en Centroamérica
Este documento es la recopilación de las ponencias (memoria) del Seminario "Ambiente y Educación Superiro en Centroamérica", realizado en Costa Rica del 28 al 31 de julio de 1993. La memoria busca retomar las discusiones efectuadas sobre la adquisisción de compromisos y la formulación de p...
Uloženo v:
| Hlavní autor: | |
|---|---|
| Médium: | Text |
| Vydáno: |
Heredia:
EUNA
|
| Témata: | |
| Tagy: |
Přidat tag
Žádné tagy, Buďte první, kdo vytvoří štítek k tomuto záznamu!
|
MARC
| LEADER | 00000 a a2200000 04500 | ||
|---|---|---|---|
| 001 | 32695 | ||
| 003 | |||
| 040 | |||
| 020 | |a 9977-906-63-7 | ||
| 090 | |a 1001 A492a | ||
| 100 | |a Sánchez Molina, Virginia | ||
| 245 | |a Ambiente y educación superior en Centroamérica | ||
| 260 | |a Heredia: |b EUNA | ||
| 300 | |a 442 p. | ||
| 520 | |a Este documento es la recopilación de las ponencias (memoria) del Seminario "Ambiente y Educación Superiro en Centroamérica", realizado en Costa Rica del 28 al 31 de julio de 1993. La memoria busca retomar las discusiones efectuadas sobre la adquisisción de compromisos y la formulación de planes conjuntos de trabajo, así como definiciones y propuestas de políticas nacionales sobre los problemas en cuestión. Mediante la consideración de estrategias particulares de desarrollo y su relación con la educación formal y no formal, la investigación multidisciplinaria e interdisciplinaria y la participación de las comunidades se busca la armonía entre el ser humano y su entorno | ||
| 650 | |a ESTUDIOS SOBRE EL MEDIO AMBIENTE | ||
| 650 | |a EDUCACION AMBIENTAL | ||
| 650 | |a DESARROLLO SOSTENIBLE | ||
| 650 | |a MEDIO AMBIENTE | ||
| 650 | |a PARTICIPACION SOCIAL | ||
| 999 | |c 11733 |d 11733 | ||



